000
00351pab a2200157 454500
008
180718b2001 xxu||||| |||| 00| 0 eng d
100
_a
Gupta, Dipankar
245
_a
Medical famine
260
_c
2001
300
_a
p.10
362
_a
15 May
650
_a
Health services - India
650
_a
Health services
773
_a
Hindu
909
_a
49503
999
_c
49503
_d
49503